| 000 | 00918nas a2200289 4500 | ||
|---|---|---|---|
| 001 | BR0800317 | ||
| 003 | BR-BrBNA | ||
| 005 | 20231205111534.0 | ||
| 007 | ta | ||
| 008 | 230509b bl.|||p| |||| 00| 00por d | ||
| 040 |
_aBR-BrBNA _bpor _cBiblioteca Nacional de Agricultura |
||
| 041 | _a(Pt) | ||
| 072 | _aL02 | ||
| 100 | 1 | _aVilela, F.G. | |
| 100 | 1 | _aTeixeira, J.C. | |
| 100 | 1 | _aReis, S.T. | |
| 245 | 1 | _aEfeito da substituição do farelo de soja pela amiréia 150 S nos parâmetros sanguíneos, consumo, produção e composição do leite de vacas girolanda | |
| 650 | _aVACA LEITEIRA | ||
| 650 | _aLEITE | ||
| 650 | _aCOMPOSIÇÃO DE ALIMENTO | ||
| 650 | _aPRODUÇÃO LEITEIRA | ||
| 650 | _aCONSUMO | ||
| 650 | _aRAÇÃO | ||
| 773 | 0 |
_tRevista Ceres (Brazil) _xISSN 0034-737X _g(Mar-Apr 2005), v. 52(300) p. 275-291 _wBR0800317 |
|
| 909 |
_a202311 _bLúcia _c55 _dLúcia Elande |
||
| 942 |
_2AGRIS _n0 _cANA |
||
| 999 |
_c193235 _d193235 |
||